000 00491nam a2200181 4500
001 784
003 DO-SdBNP
005 20180222153301.0
007 784
008 160525b 1991 h ||||| |||| 00| 0 spa d
040 _aBPAMU
_bspa
_cBPMSU
245 _aDel libro de oro de los niños Fabulas :
_bAnédoctas
260 _aLa Habana:
_bEditorial Abril,
_c1991
300 _a23 p. :
_c20 cm.
942 _2ddc
_cBK
945 _aInventariado, 2018 / BT
956 _aVMATEO
_b10
_c20160525
_dBPMSU
_f0069
999 _c10224
_d10224